000 01359nam0a22002891 4500
001 rc\2375863
005 20110829161008.8
035 _a(NLR Aleph) 006481363
090 _a6037098
_c6037098
100 _a20110829d1977 |||y0rusy50 ca
101 0 _arus
102 _aRU
105 _aa z |||||
200 1 _aПланировка и застройка сельских населенных мест в Европейских странах-членах СЭВ
_fГос. ком. по гражд. стр-ву и архитектуре при Госстрое СССР. Центр науч.-техн. информации по гражд. стр-ву и архитектуре
210 _aМосква
_cБ. и.
_d1977
215 _a40 с.
_cил.
_d21
225 1 _aОбзорная информация
_v5
300 _aНа 2-й с. обл. сост.: кандидаты арх. Р.Д. Багиров и Н.М. Согомонян, к. т. н. С.Б. Моисеева
320 _aБиблиогр.: с. 38-39
700 1 _aБагиров
_bР. Д.
_gРафаил Данилович
701 1 _aСогомонян
_bН. М.
_gНина Мамиконова
701 1 _aМоисеева
_bС. Б.
_gСветлана Борисовна
801 0 _aRU
_bNLR
_gpsbo
801 1 _aRU
_bELAR
_2rusmarc
852 _aNLR
_jП31/381
942 _cBOOK
980 _aNB